000 00893nam a22002417a 4500
001 77014
003 BD-RjUL
005 20220104103722.0
008 200213s2020 bg ||||| |||| 00| 0 ben d
020 _a9789849287247
035 _a(BD-RjUL)77238
040 _aBD-RjUL
_beng
_cBD-RjUL
041 _aeng
082 _223
_a954.92050924
_bGOM 2020
100 _aগুণ, নির্মলেন্দু
_9239335
245 _aমুজিবসমগ্র /
_cনির্মলেন্দু গুণ
260 _aঢাকা :
_bবিভাস,
_c২০২০
300 _a৩৯৯ পৃ. ;
_c২২ সেমি.
504 _aবিবলিওগ্রাফি অন্তর্ভূক্ত।
600 _aমুজিবুর রহমান ,
_cশেখ,
_d১৯২০-১৯৭৫
600 _aMujibur Rahman,
_cShaikh,
_d1920-1975
_9252
942 _2ddc
_cBK
999 _c77014
_d77014